Visualizzazione normale
Vista MARC
- Monroe Bill
di Personal Name
Records bibliografici associati: 1
001 - CONTROL NUMBER
- control field: 7455
003 - CONTROL NUMBER IDENTIFIER
- control field: IT-RoPau
005 - DATE AND TIME OF LATEST TRANSACTION
- control field: 20140104110929.0
008 - FIXED-LENGTH DATA ELEMENTS
- fixed length control field: 140104|| aca||aabn | a|a d
040 ## - CATALOGING SOURCE
- Original cataloging agency: IT-RoPau
- Transcribing agency: IT-RoPau
100 ## - HEADING--PERSONAL NAME
- Personal name: Monroe Bill
- Miscellaneous information: Codice autore musica SPICS: 14105
- Relator term: Autore musica
- Name of part/section of a work: Blue Moon of Kentucky
670 ## - SOURCE DATA FOUND
- Source citation: Work cat.: (IT-RoPau)99708: AA.VV. 794, Oh Susanna-Le grandi canzoni del west